[Event "Charleville Mezieres op 11th"]
[Site "Charleville Mezieres"]
[Date "2014.??.??"]
[Round "2"]
[White "Roos, Louis"]
[Black "Schweitzer, Marc"]
[Result "1-0"]
[WhiteElo "2338"]
[BlackElo "1880"]
[PlyCount "109"]
[EventDate "2014.12.26"]
[EventType "swiss"]
[EventRounds "7"]
[EventCountry "FRA"]
[SourceTitle "CBM 164 Extra"]
[Source "ChessBase"]
[SourceDate "2015.03.02"]
[SourceVersion "1"]
[SourceVersionDate "2015.03.02"]
[SourceQuality "1"]

1. Nf3 d5 2. e3 Nf6 3. b3 g6 4. Bb2 Bg7 5. c4 c6 6. Be2 0-0 7. 0-0 Bg4 8. Nc3 e6 9. Qc2 Nbd7 10. Rac1 Re8 11. h3 Bxf3 12. Bxf3 Rc8 13. Qb1 h5 14. Ne2 Nf8 15. d4 N8h7 16. Nf4 Ng5 17. Be2 Nge4 18. Rfe1 h4 19. Bd3 g5 20. Ne2 Nd6 21. c5 Nb5 22. b4 a6 23. a4 Nc7 24. Bc3 g4 25. Nf4 gxh3 26. Nxh3 Qd7 27. Qc2 Ra8 28. Rb1 Reb8 29. Rec1 Ng4 30. Qe2 f5 31. f3 Nh6 32. Be1 Bf6 33. b5 axb5 34. axb5 cxb5 35. Bxb5 Nxb5 36. Qxb5 Qc7 37. Qb6 Qc6 38. Nf4 Kf7 39. Nd3 Kg6 40. Qb2 Nf7 41. Qe2 Bd8 42. Rb2 Qc8 43. e4 Bg5 44. exf5+ Kxf5 45. f4 Bd8 46. Qh5+ Kf6 47. Bxh4+ Kg7 48. Ne5 Nxe5 49. Qxe5+ Kf7 50. Qh5+ Kg7 51. Rb3 Bxh4 52. Qxh4 Kf7 53. Rf1 Ra7 54. Qh7+ Kf6 55. g4 1-0

[Event "Charleville Mezieres op 11th"]
[Site "Charleville Mezieres"]
[Date "2014.??.??"]
[Round "1"]
[White "Schweitzer, Marc"]
[Black "Hurreau, Jean Francois"]
[Result "1-0"]
[WhiteElo "1880"]
[BlackElo "1437"]
[PlyCount "49"]
[EventDate "2014.12.26"]
[EventType "swiss"]
[EventRounds "7"]
[EventCountry "FRA"]
[SourceTitle "CBM 164 Extra"]
[Source "ChessBase"]
[SourceDate "2015.03.02"]
[SourceVersion "1"]
[SourceVersionDate "2015.03.02"]
[SourceQuality "1"]

1. d4 d5 2. c4 c6 3. Nc3 Nf6 4. Nf3 e6 5. Bg5 Nbd7 6. e3 Bb4 7. Nd2 Qc7 8. Rc1 h6 9. Bh4 0-0 10. a3 Be7 11. Bd3 Re8 12. Bg3 e5 13. dxe5 Nxe5 14. Be2 Bd6 15. cxd5 Neg4 16. Bxd6 Qxd6 17. Nc4 Qd7 18. h3 Nxf2 19. Kxf2 Ne4+ 20. Nxe4 Rxe4 21. Bf3 Rh4 22. dxc6 bxc6 23. Qxd7 Bxd7 24. Ne5 Rd8 25. Rcd1 1-0

[Event "Lorraine-ch"]
[Site "Hayange"]
[Date "2013.05.20"]
[Round "6"]
[White "Schweitzer, Marc"]
[Black "Durando, Didier"]
[Result "0-1"]
[WhiteElo "1954"]
[BlackElo "2015"]
[PlyCount "84"]
[EventDate "2013.05.17"]
[EventType "swiss"]
[EventRounds "7"]
[EventCountry "FRA"]
[SourceTitle "EXT 2014"]
[Source "ChessBase"]
[SourceDate "2013.11.20"]
[SourceVersion "1"]
[SourceVersionDate "2013.11.20"]
[SourceQuality "1"]

1. c4 e6 2. Nc3 b6 3. d4 Bb7 4. Nf3 f5 5. Bg5 Be7 6. Bxe7 Qxe7 7. e3 Nf6 8. Be2 d6 9. d5 e5 10. Qc2 g6 11. 0-0-0 Nbd7 12. Nd2 e4 13. Nb3 a5 14. a4 0-0-0 15. Nd4 Nc5 16. h3 Nfd7 17. Ncb5 Ne5 18. Na7+ Kb8 19. Nac6+ Bxc6 20. Nxc6+ Nxc6 21. dxc6 Qe8 22. b3 Qxc6 23. Rd5 Na6 24. Qd2 Nb4 25. Rd4 Rd7 26. Kb1 Rhd8 27. Rc1 Qc5 28. g3 Qe5 29. Qb2 c5 30. Rd2 Qxb2+ 31. Kxb2 d5 32. Rcd1 d4 33. exd4 Rxd4 34. Kc3 Kc7 35. Rxd4 cxd4+ 36. Kb2 Kc6 37. Rd2 Kc5 38. Bf1 g5 39. h4 gxh4 40. gxh4 f4 41. f3 e3 42. Rg2 d3 0-1

[Event "Luxembourg-chT 1213"]
[Site "Luxembourg"]
[Date "2012.11.10"]
[Round "2"]
[White "Schweitzer, Marc"]
[Black "Weber, Jean Marie"]
[Result "1/2-1/2"]
[WhiteElo "1980"]
[BlackElo "2187"]
[PlyCount "59"]
[EventDate "2012.10.??"]
[EventType "team-tourn"]
[EventRounds "10"]
[EventCountry "LUX"]
[SourceTitle "EXT 2017"]
[Source "ChessBase"]
[SourceDate "2016.10.25"]
[SourceVersion "1"]
[SourceVersionDate "2016.10.25"]
[SourceQuality "1"]

1. d4 Nf6 2. Nf3 g6 3. g3 Bg7 4. Bg2 d5 5. 0-0 0-0 6. Ne5 Be6 7. Nd2 Nbd7 8. Nxd7 Qxd7 9. c3 Bh3 10. Re1 Bxg2 11. Kxg2 Rfd8 12. e4 dxe4 13. Qe2 c5 14. dxc5 Rac8 15. Nxe4 Qc6 16. Qf3 Nxe4 17. Qxe4 Qxe4+ 18. Rxe4 Rd1 19. Rxe7 Bh6 20. Bxh6 Rxa1 21. Rxb7 Rxa2 22. c6 Ra6 23. c7 Rb6 24. Rxa7 Rxb2 25. Ra4 g5 26. Bxg5 Rxc7 27. Bf6 h5 28. h4 Kh7 29. Ra5 Kg6 30. Bd4 1/2-1/2

[Event "FRA-ch op-B"]
[Site "Caen"]
[Date "2011.08.17"]
[Round "2"]
[White "Schweitzer, Marc"]
[Black "Le Pen, Steven"]
[Result "1/2-1/2"]
[WhiteElo "1953"]
[BlackElo "1856"]
[PlyCount "109"]
[EventDate "2011.08.16"]
[EventType "swiss"]
[EventRounds "11"]
[EventCountry "FRA"]
[SourceTitle "EXT 2012"]
[Source "ChessBase"]
[SourceDate "2011.11.24"]
[SourceVersion "1"]
[SourceVersionDate "2011.11.24"]
[SourceQuality "1"]

1. d4 Nf6 2. Nf3 g6 3. g3 Bg7 4. Bg2 d5 5. 0-0 0-0 6. Nbd2 c5 7. e3 Nc6 8. b3 Ne4 9. Bb2 Re8 10. Nxe4 dxe4 11. Ne5 Nxe5 12. dxe5 Bf5 13. Qe2 Qc8 14. Qc4 Qc6 15. a4 g5 16. h3 Red8 17. Rfd1 e6 18. Kh2 Rac8 19. Bc3 h6 20. a5 Kh7 21. Rxd8 Rxd8 22. Ra4 Rd1 23. Qe2 Rd7 24. Qe1 b6 25. axb6 axb6 26. Qa1 Qb7 27. Qh1 Kg8 28. Bxe4 Bxe4 29. Qxe4 Qxe4 30. Rxe4 Rd1 31. Ra4 Rc1 32. Ra2 b5 33. b4 cxb4 34. Bd4 Kh7 35. Kg2 Kg6 36. g4 h5 37. Ra5 Rxc2 38. Rxb5 hxg4 39. hxg4 Bf8 40. Kf3 Be7 41. e4 Kg7 42. Ke3 Rc8 43. Kd3 Kf8 44. Be3 Ke8 45. Bd2 Rd8+ 46. Ke3 Ra8 47. Bxb4 Bxb4 48. Rxb4 Ra3+ 49. Kd4 Rf3 50. Rb8+ Ke7 51. Rg8 Rxf2 52. Rxg5 Rf3 53. Rg7 Kf8 54. Rg5 Rg3 55. Kc4 1/2-1/2

[Event "Metz op 26th"]
[Site "Metz"]
[Date "2008.04.22"]
[Round "4"]
[White "Schweitzer, Marc"]
[Black "Taddei, Benoit"]
[Result "0-1"]
[WhiteElo "1913"]
[BlackElo "2297"]
[PlyCount "76"]
[EventDate "2008.04.19"]
[EventType "swiss"]
[EventRounds "9"]
[EventCountry "FRA"]
[SourceTitle "CBM 123 Extra"]
[Source "ChessBase"]
[SourceDate "2008.05.06"]
[SourceVersion "1"]
[SourceVersionDate "2008.05.06"]
[SourceQuality "1"]

1. d4 c5 2. dxc5 e6 3. g3 Bxc5 4. Bg2 Nc6 5. Nf3 d5 6. 0-0 Nge7 7. b3 e5 8. Bb2 f6 9. e3 Be6 10. h3 Qd7 11. Kh2 h5 12. c3 g5 13. Ng1 h4 14. g4 f5 15. Bf3 e4 16. Be2 fxg4 17. Bxg4 Ne5 18. Bxe6 Qxe6 19. Ba3 Bb6 20. Nd2 N7g6 21. c4 0-0-0 22. cxd5 Rxd5 23. Qc2+ Bc7 24. f4 exf3 25. Kh1 g4 26. Rac1 Rh7 27. hxg4 Nd3 28. Rxf3 Nxc1 29. Bxc1 Qxg4 30. Qe4 Qxe4 31. Nxe4 Rd1 32. Ba3 h3 33. Nf2 Rf1 34. Rxh3 Nh4 35. Rxh4 Rxh4+ 36. Kg2 Ra1 37. Nf3 Rh8 38. Bb2 Rg8+ 0-1

[Event "Metz op 26th"]
[Site "Metz"]
[Date "2008.04.20"]
[Round "2"]
[White "Bruned, Yvalin"]
[Black "Schweitzer, Marc"]
[Result "1-0"]
[WhiteElo "2360"]
[BlackElo "1913"]
[PlyCount "67"]
[EventDate "2008.04.19"]
[EventType "swiss"]
[EventRounds "9"]
[EventCountry "FRA"]
[SourceTitle "CBM 123 Extra"]
[Source "ChessBase"]
[SourceDate "2008.05.06"]
[SourceVersion "1"]
[SourceVersionDate "2008.05.06"]
[SourceQuality "1"]

1. e4 Nc6 2. Nf3 d6 3. d4 Nf6 4. Nc3 Bg4 5. Be3 e5 6. d5 Nb8 7. h3 Bd7 8. Nd2 Be7 9. a4 c6 10. Bc4 0-0 11. 0-0 cxd5 12. Bxd5 Bc6 13. Nc4 Bxd5 14. Nxd5 Nxe4 15. Nxe7+ Qxe7 16. Qd5 Nf6 17. Qxd6 Qxd6 18. Nxd6 b6 19. Rfd1 h6 20. a5 Nbd7 21. b4 Rfb8 22. c4 bxa5 23. bxa5 Nf8 24. a6 Ne6 25. Ra5 e4 26. Rb5 Rxb5 27. Nxb5 Rc8 28. Bxa7 Rxc4 29. Be3 Ra4 30. a7 Kh7 31. Rc1 Nd5 32. Rc8 Ra1+ 33. Kh2 Nec7 34. Rxc7 1-0

[Event "Kaupthing op-B 1st"]
[Site "Differdange"]
[Date "2007.07.11"]
[Round "6"]
[White "Dubois, Martine"]
[Black "Schweitzer, Marc"]
[Result "0-1"]
[WhiteElo "2073"]
[BlackElo "1912"]
[PlyCount "146"]
[EventDate "2007.07.08"]
[EventType "swiss"]
[EventRounds "9"]
[EventCountry "LUX"]
[SourceTitle "EXT 2008"]
[Source "ChessBase"]
[SourceDate "2007.11.25"]
[SourceVersion "1"]
[SourceVersionDate "2007.11.25"]
[SourceQuality "1"]

1. e4 Nc6 2. Nf3 d6 3. d4 Nf6 4. Nc3 Bg4 5. d5 Ne5 6. Nxe5 dxe5 7. f3 Bd7 8. Bc4 c6 9. dxc6 Bxc6 10. Qxd8+ Rxd8 11. Be3 a6 12. 0-0 e6 13. Rfd1 Rxd1+ 14. Rxd1 Be7 15. Ne2 0-0 16. Nc1 Rd8 17. Nd3 Ne8 18. Bb6 Rd7 19. Bb3 Bd8 20. Bxd8 Rxd8 21. c3 f6 22. Bxe6+ Kf8 23. Bb3 Nc7 24. Kf2 Ke7 25. Ke3 a5 26. a4 b6 27. g4 Be8 28. h4 Na6 29. g5 Nc5 30. Nxc5 Rxd1 31. Bxd1 bxc5 32. f4 fxg5 33. hxg5 exf4+ 34. Kxf4 h6 35. gxh6 gxh6 36. Ke5 Bf7 37. Be2 h5 38. Kf5 h4 39. Kg4 Kf6 40. Kf4 h3 41. e5+ Ke7 42. Bf3 Be8 43. b3 Bf7 44. c4 Bg6 45. Kg3 Bc2 46. Bc6 Ke6 47. Kxh3 Kxe5 48. Kg3 Bxb3 49. Kf2 Kd4 50. Bb5 Bxc4 51. Bd7 Bb3 52. Ke2 Kc3 53. Ke3 Bc2 54. Bb5 Kb4 55. Kd2 Bxa4 56. Bd3 Bb3 57. Kc1 Kc3 58. Bg6 Ba2 59. Be8 Kb3 60. Bg6 a4 61. Bf5 Kc3 62. Bg6 a3 63. Be8 Kb4 64. Bg6 Bd5 65. Kb1 c4 66. Ka1 c3 67. Bc2 Bb3 68. Bg6 Kc5 69. Bh7 Kd4 70. Bb1 Ke3 71. Bg6 Kd2 72. Bf5 Bc4 73. Bd7 c2 0-1

[Event "Metz op 25th"]
[Site "Metz"]
[Date "2007.04.14"]
[Round "1"]
[White "Schweitzer, Marc"]
[Black "Savchenko, Stanislav"]
[Result "0-1"]
[WhiteElo "1925"]
[BlackElo "2545"]
[PlyCount "96"]
[EventDate "2007.04.14"]
[EventType "swiss"]
[EventRounds "9"]
[EventCountry "FRA"]
[SourceTitle "CBM 117 Extra"]
[Source "ChessBase"]
[SourceDate "2007.05.09"]
[SourceVersion "1"]
[SourceVersionDate "2007.05.09"]
[SourceQuality "1"]

1. d4 d5 2. Nf3 c6 3. e3 Bg4 4. Be2 Nd7 5. Nbd2 Ngf6 6. 0-0 e6 7. h3 Bh5 8. c4 Bd6 9. cxd5 exd5 10. a3 a5 11. b3 0-0 12. Bb2 Re8 13. Re1 Qe7 14. Nh4 Bxe2 15. Qxe2 Qe6 16. Qd3 Ne4 17. Nhf3 f5 18. Nf1 Qh6 19. N3d2 Qh4 20. Nxe4 fxe4 21. Qe2 Re6 22. Qg4 Qe7 23. Ng3 Rg6 24. Qe2 Qh4 25. Bc3 Rf8 26. Rf1 Nf6 27. Bxa5 Rxg3 28. fxg3 Qxg3 29. Rf4 Bxf4 30. exf4 Qxf4 31. Rf1 Qg3 32. Bb4 Re8 33. Qd1 Qe3+ 34. Kh2 Re6 35. Be1 Qd3 36. Bg3 Qxd1 37. Rxd1 e3 38. Rd3 Re4 39. Be1 Ne8 40. g3 Nd6 41. a4 Nf5 42. Bc3 e2 43. Be1 Rxd4 44. Rxd4 Nxd4 45. Kg2 Nc2 46. Kf2 c5 47. Kxe2 Nxe1 48. Kxe1 Kf7 0-1

[Event "Metz op 24th"]
[Site "Metz"]
[Date "2006.04.25"]
[Round "4"]
[White "Schweitzer, Marc"]
[Black "Turboust, Roger"]
[Result "1-0"]
[WhiteElo "1948"]
[BlackElo "1790"]
[PlyCount "131"]
[EventDate "2006.04.22"]
[EventType "swiss"]
[EventRounds "9"]
[EventCountry "FRA"]
[SourceTitle "EXT 2007"]
[Source "ChessBase"]
[SourceDate "2006.11.23"]
[SourceVersion "1"]
[SourceVersionDate "2006.11.23"]
[SourceQuality "1"]

1. d4 d5 2. c4 e6 3. Nc3 Nf6 4. Nf3 Be7 5. e3 0-0 6. Bd3 Nbd7 7. 0-0 c6 8. b3 Re8 9. Bb2 Bd6 10. Qc2 e5 11. dxe5 Nxe5 12. Nxe5 Bxe5 13. g3 Bh3 14. Rfe1 dxc4 15. bxc4 Qe7 16. Rab1 Rad8 17. Red1 g6 18. Ne2 Bxb2 19. Rxb2 Ne4 20. Nf4 Bg4 21. Rdb1 Nc5 22. h3 Bf3 23. h4 b6 24. h5 Nxd3 25. Nxd3 Bxh5 26. c5 b5 27. Rb4 Bf3 28. R1b3 Rd5 29. Nf4 Rd1+ 30. Qxd1 Bxd1 31. Rd3 Bg4 32. Rd6 g5 33. Nd3 Bf3 34. Rbd4 a5 35. Ne1 Bd5 36. a3 Qe5 37. Nc2 Qf5 38. R4xd5 cxd5 39. Nd4 Qe4 40. c6 Qb1+ 41. Kg2 Qc1 42. Nxb5 Qb2 43. Rxd5 Rxe3 44. c7 Rxg3+ 45. Kxg3 Qb3+ 46. f3 Qxd5 47. c8Q+ Kg7 48. Qc3+ f6 49. Qc7+ Kg6 50. Nc3 Qd4 51. Ne2 Qa4 52. Qe7 Qh4+ 53. Kg2 f5 54. Qe6+ Kg7 55. Qxf5 a4 56. Ng3 Qh6 57. Ne4 g4 58. Qxg4+ Kh8 59. Qc8+ Kg7 60. Qd7+ Kg8 61. Qxa4 Qg7+ 62. Ng3 Qb2+ 63. Kh3 Kg7 64. Qg4+ Kf6 65. a4 Qf2 66. Ne4+ 1-0

[Event "Metz op 24th"]
[Site "Metz"]
[Date "2006.04.22"]
[Round "1"]
[White "Postny, Evgeny"]
[Black "Schweitzer, Marc"]
[Result "1-0"]
[WhiteElo "2572"]
[BlackElo "1948"]
[PlyCount "85"]
[EventDate "2006.04.22"]
[EventType "swiss"]
[EventRounds "9"]
[EventCountry "FRA"]
[SourceTitle "EXT 2007"]
[Source "ChessBase"]
[SourceDate "2006.11.23"]
[SourceVersion "1"]
[SourceVersionDate "2006.11.23"]
[SourceQuality "1"]

1. e4 c5 2. Nf3 g6 3. d4 Bg7 4. dxc5 Qa5+ 5. c3 Qxc5 6. Na3 a6 7. Nc4 Qc6 8. Be3 b5 9. Nb6 Bb7 10. Nxa8 Bxa8 11. Bd3 d6 12. 0-0 Nf6 13. a4 bxa4 14. Qxa4 Qxa4 15. Rxa4 0-0 16. Nd2 Bc6 17. Ra5 Nfd7 18. Rfa1 Bb7 19. Nc4 Rc8 20. Nb6 Nxb6 21. Bxb6 Nc6 22. R5a4 Nb8 23. Bd4 Bxd4 24. cxd4 Kg7 25. f3 Rc6 26. Rb4 Rc7 27. Rc4 Rxc4 28. Bxc4 e6 29. Ra3 d5 30. Rb3 Bc6 31. Bxa6 Nxa6 32. Rb6 dxe4 33. Rxa6 Bd5 34. fxe4 Bxe4 35. b4 Kf8 36. b5 Ke8 37. Ra7 h5 38. b6 Kd8 39. Rxf7 Kc8 40. h4 Kb8 41. Kf2 Bd5 42. Rg7 Be4 43. g3 1-0

[Event "Metz op 23rd"]
[Site "Metz"]
[Date "2005.04.21"]
[Round "6"]
[White "Klinova, Masha"]
[Black "Schweitzer, Marc"]
[Result "1-0"]
[WhiteElo "2391"]
[BlackElo "1940"]
[PlyCount "123"]
[EventDate "2005.04.16"]
[EventType "swiss"]
[EventRounds "9"]
[EventCountry "FRA"]
[SourceTitle "CBM 105 Extra"]
[Source "ChessBase"]
[SourceDate "2005.05.01"]
[SourceVersion "1"]
[SourceVersionDate "2005.05.01"]
[SourceQuality "1"]

1. e4 g6 2. d4 Bg7 3. Nc3 d6 4. Be3 e5 5. dxe5 dxe5 6. Qxd8+ Kxd8 7. 0-0-0+ Bd7 8. Bc4 f6 9. f4 c6 10. Nf3 Kc7 11. fxe5 fxe5 12. Bc5 Nh6 13. Bd6+ Kc8 14. Nxe5 Bxe5 15. Bxe5 Re8 16. Bg3 b5 17. Be2 Bg4 18. Bf3 Bxf3 19. gxf3 Nf7 20. Rhe1 Nd7 21. f4 Nf8 22. h4 Kb7 23. h5 Rad8 24. Rxd8 Nxd8 25. hxg6 hxg6 26. a3 Kc8 27. Nd1 Kd7 28. Nf2 Re6 29. Nd3 Nb7 30. Bf2 a6 31. Bc5 Ke8 32. Bxf8 Kxf8 33. e5 c5 34. Nf2 c4 35. Ne4 Rc6 36. Rh1 Kg7 37. Kd2 Nc5 38. Nc3 Rc8 39. Ke3 Rd8 40. Rd1 Rxd1 41. Nxd1 Kf7 42. Nc3 Ke6 43. Kd4 Nd7 44. Nd5 Kf5 45. Ne7+ Kxf4 46. Nxg6+ Kf5 47. Ne7+ Ke6 48. Nc6 Nb6 49. Nb4 a5 50. Nc6 b4 51. axb4 axb4 52. Nxb4 Na4 53. b3 cxb3 54. cxb3 Nb6 55. Nd3 Nc8 56. Nc5+ Ke7 57. Kd5 Na7 58. b4 Nb5 59. Nd3 Na7 60. Nf4 Nb5 61. Kc5 Nc3 62. Nd5+ 1-0

[Event "Metz op 23rd"]
[Site "Metz"]
[Date "2005.??.??"]
[Round "3"]
[White "Schweitzer, Marc"]
[Black "Gorse, Gerard"]
[Result "1-0"]
[WhiteElo "1940"]
[BlackElo "2044"]
[PlyCount "133"]
[EventDate "2005.04.16"]
[EventType "swiss"]
[EventRounds "9"]
[EventCountry "FRA"]
[SourceTitle "EXT 2007"]
[Source "ChessBase"]
[SourceDate "2006.11.23"]
[SourceVersion "1"]
[SourceVersionDate "2006.11.23"]
[SourceQuality "1"]

1. Nf3 c5 2. g3 b6 3. Bg2 Bb7 4. 0-0 Nf6 5. b3 g6 6. Bb2 Bg7 7. e3 0-0 8. d4 d6 9. c4 e6 10. Nbd2 Nbd7 11. Qc2 Qc7 12. Rac1 Rac8 13. Qb1 Qb8 14. Ng5 Bxg2 15. Kxg2 cxd4 16. Bxd4 e5 17. Bb2 a6 18. Kg1 b5 19. cxb5 axb5 20. Nge4 d5 21. Nxf6+ Nxf6 22. Nf3 Ne4 23. Rxc8 Rxc8 24. Rc1 Rd8 25. Qc2 b4 26. a3 bxa3 27. Bxa3 Qa8 28. Be7 Re8 29. Qc7 d4 30. exd4 exd4 31. Qd7 Nf6 32. Bxf6 Bxf6 33. Rc7 Rf8 34. Qc6 Qa1+ 35. Kg2 d3 36. Rd7 Kg7 37. Rxd3 Qb1 38. Qc4 Rd8 39. Rxd8 Bxd8 40. Ne5 Qf5 41. Nd3 g5 42. f3 h5 43. Nf2 Bb6 44. g4 hxg4 45. Nxg4 f6 46. Qc6 Bd4 47. Qb7+ Kg6 48. Qe4 Qxe4 49. fxe4 f5 50. exf5+ Kxf5 51. Kf3 Bc5 52. h3 Be7 53. Ne3+ Ke5 54. Kg4 Ke4 55. Nf5 Bd8 56. Nd6+ Kd4 57. Nf7 Be7 58. Nxg5 Kc3 59. h4 Kxb3 60. h5 Bf8 61. Kf5 Kc4 62. Ne6 Bh6 63. Kg6 Bc1 64. Ng5 Kd5 65. h6 Bb2 66. h7 Kd6 67. Kf7 1-0

[Event "Saarlouis op 7th"]
[Site "Saarlouis"]
[Date "2004.05.21"]
[Round "4"]
[White "Schweitzer, Marc"]
[Black "Hilmer, Frank"]
[Result "0-1"]
[WhiteElo "1961"]
[BlackElo "2213"]
[PlyCount "108"]
[EventDate "2004.05.19"]
[EventType "swiss"]
[EventRounds "7"]
[EventCountry "GER"]
[SourceTitle "EXT 2006"]
[Source "ChessBase"]
[SourceDate "2005.11.24"]
[SourceVersion "1"]
[SourceVersionDate "2005.11.24"]
[SourceQuality "1"]

1. c4 Nf6 2. Nc3 c5 3. Nf3 e6 4. e4 Nc6 5. d3 Be7 6. Bf4 d6 7. e5 dxe5 8. Nxe5 Bd7 9. Be2 Nd4 10. Bf3 Qb6 11. Nxd7 Nxd7 12. Rb1 0-0 13. 0-0 Nb8 14. Re1 Nbc6 15. Bxc6 Qxc6 16. Be5 Nf5 17. Ne4 Rad8 18. Qe2 Rd7 19. Rbd1 Rfd8 20. b3 Bf8 21. f3 Be7 22. Bg3 Nxg3 23. hxg3 Rd4 24. Nf2 Bd6 25. f4 Bf8 26. Qf3 Qd7 27. Re4 b6 28. Rxd4 Qxd4 29. Kf1 g6 30. Ke2 Bg7 31. Qe3 Qb2+ 32. Qd2 Qf6 33. Qe3 Qe7 34. Ng4 Bd4 35. Qf3 Kg7 36. Kd2 Qc7 37. Re1 b5 38. Ke2 Qa5 39. Kf1 Qxa2 40. Qd1 bxc4 41. bxc4 Rb8 42. Re2 Rb2 43. Ne5 Rxe2 44. Qxe2 Qa1+ 45. Qe1 Bxe5 46. fxe5 Qxe1+ 47. Kxe1 f5 48. Kd2 Kf7 49. Kc3 Ke7 50. d4 cxd4+ 51. Kxd4 Kd7 52. Kc5 g5 53. Kb5 h5 54. Ka6 Kc7 0-1

[Event "Saarlouis op 7th"]
[Site "Saarlouis"]
[Date "2004.05.20"]
[Round "3"]
[White "Lukas, Hubertus"]
[Black "Schweitzer, Marc"]
[Result "0-1"]
[WhiteElo "1708"]
[BlackElo "1961"]
[PlyCount "85"]
[EventDate "2004.05.19"]
[EventType "swiss"]
[EventRounds "7"]
[EventCountry "GER"]
[SourceTitle "EXT 2006"]
[Source "ChessBase"]
[SourceDate "2005.11.24"]
[SourceVersion "1"]
[SourceVersionDate "2005.11.24"]
[SourceQuality "1"]

1. d4 Nf6 2. c4 c6 3. Nc3 d5 4. cxd5 cxd5 5. Bf4 Nc6 6. e3 a6 7. Bd3 e6 8. Nge2 Be7 9. Rc1 Qb6 10. 0-0 0-0 11. Na4 Qa7 12. Bc7 Ne8 13. Bb6 Qb8 14. a3 Bd6 15. g3 Nf6 16. Bb1 e5 17. b4 Bh3 18. Re1 h5 19. Bc5 Qd8 20. Bb6 Qe7 21. Bc5 Rfe8 22. dxe5 Nxe5 23. Nd4 Bg4 24. Nf5 Qd8 25. Nxd6 Bxd1 26. Rexd1 Qd7 27. f4 Nf3+ 28. Kf2 Nxh2 29. Nb6 Qg4 30. Nf5 Rad8 31. Kg2 Qe2+ 32. Kh3 Nf3 33. Rh1 Ng4 34. Rcf1 Nd2 35. Re1 Nf2+ 36. Kg2 Qf3+ 37. Kg1 Nxb1 38. Rxh5 Qxh5 39. Kxf2 Qh2+ 40. Kf3 Nd2+ 41. Kg4 g6 42. Nh4 f5+ 43. Kg5 0-1